00345nam a22001097a 4500008004100000020001500041082001400056110005100070245009100121260001500212300000800227230621b xxu||||| |||| 00| 0 eng d a1555169937 a328bNCSL bNational Conference os state legislatorsd1994 aStrengthening State LegislaturesbA Report of NCL's Legislative Institution Task Force bNCSLc1994 a24p